00900nac a22002531u 4500010001600000020002200016082001500038090001500053100003400068245012200102260005100224300003500275500002600310504003900336511002600375650001900401650002100420650002500441650002500466700002000491942001700511999001500528952010300543 a 87012165 a0442226802 (pbk.)00a635.9bFEU c7168d7168 aFeucht, James R. 10aLandscape management :bplanting and maintenance of trees, shrubs and turfgrasses /cJames R. Feucht, Jack D. Butler. aNew York :bVan Nostrand Reinhold,1988cc1988. aviii, 179 p. :bill. ;c24 cm. adistributer: Al-Ahram aIncludes bibliographies and index. acatalogued by: wessam 0aArboriculture. 0aTurf management. 0aLandscape gardening. 0aGrounds maintenance.1 aButler, Jack D. cBBk635.9FEU c7168d7168 00104070aMAINbMAINc1STd2014-01-08ePurchasel0o635.9FEUp000008242r2025-07-15 00:00:00yBB